00787cpcaa2200253 4500001001300000003000400013005001700017008004100034010001700075040002400092072001200116100004100128245003600169300001300205506002200218520006400240533003200304545001800336546003600354580005700390600004200447656002700489999001700516mm 79004872 DLC20260227111648.0791217|||||||||||| eng  amm 79004872  aDLCcDLCedacsdDLC 7aL2lcmd1 aStoddard, Richard Henry,d1825-1903.00aAbraham Lincoln :kpoem,f1877. a1fitem.0 aOpen to research.8 aPhotocopy of a signed autograph poem, dated Christmas 1877. aPositive photocopy.b[S.l.]0 aArmy officer. aCollection material in English. aForms part of: Miscellaneous Manuscripts collection.10aLincoln, Abraham,d1809-1865vPoetry. 7aArmy officers.2itoamc c41674d41674